Countries Starting with 'P' - Statistics

General Stats
  • This quiz has been taken 264 times
    169 since last reset
  • The average score is 8 of 9
Answer Stats
Continent Country % Correct
South America Paraguay
92%
South America Peru
92%
Europe Portugal
90%
Europe Poland
88%
Asia Pakistan
87%
Oceania Palau
83%
North America Panama
83%
Asia Philippines
83%
Oceania Papua New Guinea
76%
No matching quizzes found
Score Distribution
Percent of People with Each Score
Percentile by Number Answered
Your Score History
You have not taken this quiz since the last reset